The hard sayings of Jesus / (Record no. 3984)
[ view plain ]
| 000 -LEADER | |
|---|---|
| fixed length control field | 03245cam a2200349 a 4500 |
| 001 - CONTROL NUMBER | |
| control field | 9647060 |
| 003 - CONTROL NUMBER IDENTIFIER | |
| control field | OCoLC |
| 005 - DATE AND TIME OF LATEST TRANSACTION | |
| control field | 20210205144843.0 |
| 008 - FIXED-LENGTH DATA ELEMENTS--GENERAL INFORMATION | |
| fixed length control field | 830524s1983 ilu b 001 0 eng |
| 010 ## - LIBRARY OF CONGRESS CONTROL NUMBER | |
| LC control number | 83010793 |
| 020 ## - INTERNATIONAL STANDARD BOOK NUMBER | |
| International Standard Book Number | 0877849277 |
| Qualifying information | (pbk.) |
| 020 ## - INTERNATIONAL STANDARD BOOK NUMBER | |
| International Standard Book Number | 9780877849278 |
| Qualifying information | (pbk.) |
| 035 ## - SYSTEM CONTROL NUMBER | |
| System control number | (OCoLC)9647060 |
| 040 ## - CATALOGING SOURCE | |
| Original cataloging agency | DLC |
| Language of cataloging | eng |
| Transcribing agency | DLC |
| Modifying agency | BAKER |
| -- | BTCTA |
| -- | LVB |
| -- | YDXCP |
| -- | OCLCG |
| -- | SOR |
| -- | OCLCQ |
| -- | BDX |
| -- | EEK |
| -- | OCLCF |
| -- | OCLCO |
| -- | OCLCQ |
| -- | MNLUT |
| 050 00 - LIBRARY OF CONGRESS CALL NUMBER | |
| Classification number | BT306 |
| Item number | .B886H |
| 082 00 - DEWEY DECIMAL CLASSIFICATION NUMBER | |
| Classification number | 232.95 |
| Edition number | 19 |
| Item number | B886H |
| 100 1# - MAIN ENTRY--PERSONAL NAME | |
| Personal name | Bruce, F. F. |
| Fuller form of name | (Frederick Fyvie), |
| Dates associated with a name | 1910-1990 |
| 245 14 - TITLE STATEMENT | |
| Title | The hard sayings of Jesus / |
| Statement of responsibility, etc. | F.F. Bruce |
| 260 ## - PUBLICATION, DISTRIBUTION, ETC. | |
| Place of publication, distribution, etc. | Downers Grove, Ill. : |
| Name of publisher, distributor, etc. | InterVarsity Press, |
| Date of publication, distribution, etc. | ©1983 |
| 300 ## - PHYSICAL DESCRIPTION | |
| Extent | 265 pages ; |
| Dimensions | 21 cm |
| 336 ## - CONTENT TYPE | |
| Content type term | text |
| Content type code | txt |
| Source | rdacontent |
| 337 ## - MEDIA TYPE | |
| Media type term | unmediated |
| Media type code | n |
| Source | rdamedia |
| 338 ## - CARRIER TYPE | |
| Carrier type term | volume |
| Carrier type code | nc |
| Source | rdacarrier |
| 490 1# - SERIES STATEMENT | |
| Series statement | The Jesus library |
| 504 ## - BIBLIOGRAPHY, ETC. NOTE | |
| Bibliography, etc. note | Includes bibliographical references and indexes |
| 505 0# - FORMATTED CONTENTS NOTE | |
| Formatted contents note | Eating the flesh and drinking the blood of the Son of Man -- The Son of Man forgiving sins -- Not the righteous but sinners -- The Sabbath for man -- Not dead but sleeping -- Saltless salt -- The old is better -- One jot or one title shall in no wise pass -- "You fool!" merits hell fire -- Adultery in the heart -- Plucking out the right eye -- Divorce and remarriage -- Eunuchs for the kingdom of heaven's sake -- Do not swear at all -- Turning the other cheek -- Love your enemies -- You must be perfect -- If you do not forgive your brother -- Lead us not into temptation -- Pearls before swine -- The sin against the Holy Spirit -- No sign -- Seeing and not perceiving -- Go nowhere among the Gentiles -- You will not have gone through all the towns of Israel -- Let the children first be fed -- Who is greater than John the Baptist? -- Violence and the kingdom -- Hating one's parents -- Casting fire on Earth -- How I am constrained until it is accomplished! -- Not peace but a sword -- The fall of Satan -- The Father and the Son -- You are Peter -- Get behind me, Satan! -- Taking up the cross -- The kingdom coming with power -- For or against -- The Son of Man has nowhere to lay his head -- Let the dead bury their dead -- Looking back -- I will warn you whom to fear -- The elder brother -- Why do you call me good? -- Sell what you have -- Give for alms what is within -- The camel and the eye of the needle-- Serving God and Mammon -- Using unrighteous Mammon to make friends -- The great gulf -- Will the Son of Man find faith on Earth? -- The rate for the job? -- The first will be last -- Many are called, but few are chosen -- The wedding garment -- The cursing of the fig tree -- Faith that removes mountains -- Neither will I tell you -- Render to Caesar -- Call no man your father -- You brood of vipers -- This generation will not pass away -- There the eagles will be gathered together -- I do not know you -- This is my body, this is my blood -- Let him who has no sword buy one -- Why are you here? -- You will see the Son of Man -- Why hast thou forsaken me? |
| 600 00 - SUBJECT ADDED ENTRY--PERSONAL NAME | |
| Personal name | Jesus Christ |
| General subdivision | Words |
| 600 00 - SUBJECT ADDED ENTRY--PERSONAL NAME | |
| Personal name | Jesus Christ |
| General subdivision | Teachings |
| 830 #0 - SERIES ADDED ENTRY--UNIFORM TITLE | |
| Uniform title | Jesus library |
| 856 4# - ELECTRONIC LOCATION AND ACCESS | |
| Materials specified | Cover image |
| Uniform Resource Identifier | <a href="https://covers.openlibrary.org/b/id/671721-M.jpg">https://covers.openlibrary.org/b/id/671721-M.jpg</a> |
| 942 ## - ADDED ENTRY ELEMENTS (KOHA) | |
| Source of classification or shelving scheme | Dewey Decimal Classification |
| Koha item type | Books |
| Withdrawn status | Lost status | Source of classification or shelving scheme | Damaged status | Not for loan | Collection code | Home library | Current library | Shelving location | Date acquired | Cost, normal purchase price | Total Checkouts | Full call number | Barcode | Date last seen | Price effective from | Koha item type |
|---|---|---|---|---|---|---|---|---|---|---|---|---|---|---|---|---|
| Dewey Decimal Classification | Not For Loan | Non-fiction | Harvest Mission College | Harvest Mission College | General Stacks | 27.11.2018 | 190.00 | 232.95 B886H | 004617 | 27.11.2018 | 27.11.2018 | Books | ||||
| Dewey Decimal Classification | Not For Loan | Non-fiction | Harvest Mission College | Harvest Mission College | General Stacks | 27.11.2018 | 190.00 | 232.95 B886H | 011306 | 09.02.2021 | 27.11.2018 | Books |
